Bangladesh rubber industry : In crying need of technological upgradation (Record no. 54659)

MARC details
000 -LEADER
fixed length control field 00363nam a2200133Ia 4500
100 ## - MAIN ENTRY--AUTHOR NAME
Personal name Rahman Md Miraj
245 #0 - TITLE STATEMENT
Title Bangladesh rubber industry : In crying need of technological upgradation
260 ## - PUBLICATION, DISTRIBUTION, ETC. (IMPRINT)
Name of publisher Rubber Asia
Year of publication 2003
300 ## - PHYSICAL DESCRIPTION
Number of Pages 61-63
650 ## - SUBJECT ADDED ENTRY--TOPICAL TERM
Topical Term Bangladesh
650 ## - SUBJECT ADDED ENTRY--TOPICAL TERM
Topical Term Rubber industry
942 ## - ADDED ENTRY ELEMENTS (KOHA)
Koha item type Journals
Holdings
Withdrawn status Lost status Damaged status Not for loan Home library Current library Shelving location Date acquired Serial Enumeration / chronology Koha item type
      Journals RRII Library RRII Library Agricultural economics 17/12/2021 Volume 17, Issue 4 Journals